00988naa#a2200181#i#4500001001500000005001700015100004100032102000700073200020100080210016900281215001000450608006000460675017600520700002800696700003200724700003200756856001800788RU\\bibl\1993220260701220736.3##a20260630b2026####ek#y0rusy0150####ca##aRU1#aМОДЕЛИРОВАНИЕ ВЫЧИСЛИТЕЛЬНОЙ НЕОПРЕДЕЛЁННОСТИ В ГЕТЕРОГЕННЫХ ОБЛАЧНЫХ СРЕДАХeСтатья/тезисы конференции1#aВоронежcВоронежский государственный лесотехнический университет имени Г.Ф. Морозоваd2026##a5 с.##aСтатья/тезисы конференции2local##aИнформационные технологии. Компьютерные технологии. Теория вычислительных машин и систем. 004#1aГоловинgВ. А.#1aКандауровgИ. А.#1aЛозовскийgМ. И.4#abibl.vgltu.ru